|
|
|
|
| LEADER |
00000nab a2200000 a 4500 |
| 001 |
vtls000358249 |
| 003 |
SK-MaSNL |
| 005 |
20260302223640.0 |
| 008 |
111201c1989 xo 0 slo |
| 015 |
|
|
|a SNBRB19rr/mm-uuuuu
|
| 035 |
|
|
|a CL0358371
|
| 040 |
|
|
|a SNKBUCL
|b slo
|c SNKBUCL
|e AACR2
|
| 041 |
0 |
|
|a slo
|
| 044 |
|
|
|a xo
|c SK
|
| 080 |
|
|
|a 394.912(437:47)
|2 1981
|
| 100 |
1 |
|
|a Pálka, Milan
|4 aut
|9 343174
|
| 245 |
1 |
0 |
|a Významné výročia roka v domoch ČSSP
|c Milan Pálka
|
| 650 |
0 |
7 |
|a ČSSR
|2 snkbucl
|9 335647
|
| 650 |
0 |
7 |
|a domy ČSSP
|2 snkbucl
|9 953620
|
| 651 |
|
7 |
|a Sovietsky zväz
|2 snkbucl
|9 22126
|
| 655 |
|
7 |
|a články z novín a časopisov
|2 snkbucl
|9 267496
|
| 773 |
0 |
|
|t Osvetová práca
|g Roč. 39, č. 2 (1989), s. 28
|
| 850 |
|
|
|a Slovenská národná knižnica v Martine
|a MTA001
|
| 852 |
|
|
|a SNK
|b KIS3GCP
|
| 958 |
|
|
|a RK
|
| 958 |
|
|
|a SU
|
| 992 |
|
|
|a RBX
|
| 999 |
|
|
|c 1521248
|d 1523178
|